| 000 | 00638nam a2200181 a 4500 | ||
|---|---|---|---|
| 001 | 000028996 | ||
| 003 | OSt | ||
| 005 | 20240304103305.0 | ||
| 008 | 110413s2003 dr 000 0 spa d | ||
| 040 |
_aDO-SdBNP _bspa _cBNPHU |
||
| 082 |
_axxx _bR426d |
||
| 110 | 1 |
_aRepública Dominicana. _b Secretaría de Estado de Medio Ambiente y Recursos Naturales _914503 |
|
| 245 | 1 | 0 | _aNorma para la gestión ambiental de residuos sólidos no peligrosos / |
| 260 |
_aSanto Domingo : _bSecretaría de Estado de Medio Ambiente y Recursos, _c2003. _fEditora Búho |
||
| 300 |
_a45 p. ; _c23 cm. |
||
| 590 | _aInventariado, 2020/ YL | ||
| 942 |
_2ddc _cLBS1 |
||
| 999 |
_c28488 _d28488 |
||